Music Quiz

Random Music Quiz

Name The Lead Singer Quiz Stats

Quiz not verified by Sporcle

Challenge
Share
Tweet
Embed
Score 0/3 Timer 01:00
0 Plays Today
Question Answer Wrong Answers
Aerosmith Steve Tyler
97.4%
Joey Haines
2.6%
Busty Billy
0%
Paul McCartney
0%
Def Leppard Joe Elliot
94.9%
Billy Jones
5.1%
Your Mother
0%
Frank Sinatra
0%
Rush Geddy Lee
87.2%
Jamie Jones
10.3%
Joey
0%
Seth McFarlane
2.6%

You're not logged in!

Compare scores with friends on all Sporcle quizzes.
Join for Free
OR
Log In

You Might Also Like...

Show Comments

Extras

Created Dec 27, 2016ReportNominate
Tags:lead

Top Quizzes Today


Score Distribution

Your Account Isn't Verified!

In order to create a playlist on Sporcle, you need to verify the email address you used during registration. Go to your Sporcle Settings to finish the process.

Report this User

Report this user for behavior that violates our Community Guidelines.

Details: